International focus on Poland (Record no. 112227)

MARC details
000 -LEADER
fixed length control field 01040cad a22002175a 4500
001 - CONTROL NUMBER
control field L152833
008 - FIXED-LENGTH DATA ELEMENTS--GENERAL INFORMATION
fixed length control field 110505s2010 xxk 000 0 eng d
035 ## - SYSTEM CONTROL NUMBER
System control number (Sirsi) u152833
041 0# - LANGUAGE CODE
Language code of text/sound track or separate title eng
100 1# - MAIN ENTRY--PERSONAL NAME
Personal name Klammer, Marcin
245 00 - TITLE STATEMENT
Title International focus on Poland
Remainder of title Winter 2010/2011
Medium [electronic resource]
260 ## - PUBLICATION, DISTRIBUTION, ETC.
Place of publication, distribution, etc. [S.l.]
Name of publisher, distributor, etc. ECHarris
Date of publication, distribution, etc. 2010
520 ## - SUMMARY, ETC.
Summary, etc. As Poland recovers from the recession, client care and quality of labour become priorities; the real estate sector, indicative costs per m² (Euros per m²), international investment, banks and their assets, construction workload, labour and materials, construction tender prices; a glance at Poland's economy and the construction industry 2009, 2010 and 2011.
590 ## - LOCAL NOTE (RLIN)
Local note KA
651 #4 - SUBJECT ADDED ENTRY--GEOGRAPHIC NAME
Geographic name Poland
690 ## - LOCAL SUBJECT ADDED ENTRY--TOPICAL TERM (OCLC, RLIN)
Topical term or geographic name as entry element BUILT ENVIRONMENT-CONSTRUCTION MARKET
700 1# - ADDED ENTRY--PERSONAL NAME
Personal name Moore, Paul
710 1# - ADDED ENTRY--CORPORATE NAME
Corporate name or jurisdiction name as entry element EC Harris
9 (RLIN) 4930
856 40 - ELECTRONIC LOCATION AND ACCESS
Uniform Resource Identifier <a href="https://www.echarris.com/pdf/7845_International%20Focus%20on%20Poland%20FINAL.pdf">https://www.echarris.com/pdf/7845_International%20Focus%20on%20Poland%20FINAL.pdf</a>
Public note View the item free of charge at www.echarris.com
942 ## - ADDED ENTRY ELEMENTS (KOHA)
Suppress in OPAC 0
Holdings
Withdrawn status Lost status Source of classification or shelving scheme Damaged status Not for loan Home library Current library Shelving location Date acquired Total Checkouts Full call number Barcode Date last seen Copy number Price effective from Koha item type
    Dewey Decimal Classification     Virtual Virtual Online 05/05/2011   ONLINE PUBLICATION 152833-2001 06/08/2019 1 06/08/2019 Book